Reconnaissance des sols en mer pour l'implantation des ouvrages pétroliers /
Guardado en:
| Autor Principal: | |
|---|---|
| Formato: | Libro |
| Idioma: | French |
| Publicado: |
Paris :
Editions Technip,
1976.
|
| Series: | Publications de l'Institut français du pétrole. Collection "Science et technique du pétrole" ;
no 21. |
| Materias: | |
| Etiquetas: |
Agregar Etiqueta
Sin Etiquetas, Sea el primero en etiquetar este registro!
|
| LEADER | 01079cam a22002655a 4500 | ||
|---|---|---|---|
| 001 | EIQ.libpla002270 | ||
| 008 | 761028s1976####fr#a#####b####000#0#fre#d | ||
| 005 | 20070518142832.0 | ||
| 245 | 1 | 0 | |a Reconnaissance des sols en mer pour l'implantation des ouvrages pétroliers / |c Pierre Le Tirant ; préf. de Jacques Delacour. |
| 260 | |a Paris : |b Editions Technip, |c 1976. | ||
| 300 | |a xii, 495 p. : |b il. ; |c 24 cm. | ||
| 490 | 1 | |a Collection Science et technique du pétrole ; |v no 21 | |
| 490 | 1 | |a Publications de l'Institut français du pétrole | |
| 504 | |a Incluye referencias bibliográficas. | ||
| 020 | |a 2710803006 | ||
| 100 | 1 | |a Le Tirant, P. | |
| 830 | 0 | |a Publications de l'Institut français du pétrole. |p Collection "Science et technique du pétrole" ; |v no 21. | |
| 082 | 0 | 0 | |a 622/.33/82 |
| 650 | 4 | |a Petróleo |x Prospección. | |
| 650 | 4 | |a Procesos |x Extracción de petróleo. | |
| 650 | 0 | |a Petroleum |x Prospecting. | |
| 650 | 4 | |a Processes |x Petroleum extraction. | |
| 010 | |a 76480434 | ||
| 040 | |a DLC |c DLC |d AR-BbSID | ||
| 859 | |a AR-BbSID |b BIB. PLAPIQUI |h 662.182 82 |i L 568 |p 1734 | ||
